000 01121cam a2200229 4500
001 ABS61575
008 000000n1999 000 0 eng u
035 _a(Sirsi) u102424
245 _aSouthwark LBC and another v Mills and others; Baxter v Camden LBC
260 _c1999
490 _aEstates Gazette Law Reports
_v[1999] 45 EG 179-190(12)
520 _aHL 21 October 1999. The appellants were tenants in flats in buildings owned by the respondent council, and claimed that, since the flats had no sound insulation, they could hear noise made by their neighbours going about their everyday business. The tenants brought proceedings against the councils asking them to remedy the situation, however the CA determined that the tenants had no legal remedy. Tenants appealed. "Held" appeals dismissed.
590 _aABS
650 _aNOISE NUISANCE
650 _aDISTURBANCE
650 _aQUIET ENJOYMENT
650 _aSOUND INSULATION
650 _aSOUTHWARK LBC AND ANOTHER V MILLS AND OTHERS
650 _aBAXTER V CAMDEN LBC
690 _aLANDLORD AND TENANT-CASE LAW-RESIDENTIAL TENANCIES
942 _n0
999 _c61438
_d61438